000 00636nam a2200277Ia 4500
005 20260324150142.0
008 008 260324s9999 xx 000 0 eng d
020 _a9781315688541
037 _aEBOOK
040 _aCRL
040 _beng
040 _cCRL
041 _2eng
041 _aeng
084 _qCRL
100 _aMaureen E. Cain
_91225427
245 0 _aSociety and the Policeman's Role
260 _bTaylor and Francis
260 _c1973
365 _a
365 _b290
856 _uhttp://www.taylorfrancis.com/books/9781315688541
942 _cEBOOK
999 _c1834420
_d1834420